[Event "Innsbruck op-B 3rd"]
[Site "Innsbruck"]
[Date "2019.08.29"]
[Round "7"]
[White "Pregl, Walter"]
[Black "Groiss, Werner"]
[Result "1/2-1/2"]
[WhiteElo "1966"]
[BlackElo "1807"]
[PlyCount "92"]
[EventDate "2019.08.25"]
[EventType "swiss"]
[EventRounds "9"]
[EventCountry "AUT"]
[SourceTitle "EXT 2020"]
[Source "ChessBase"]
[SourceDate "2019.10.17"]
[SourceVersion "1"]
[SourceVersionDate "2019.10.17"]
[SourceQuality "1"]

1. e4 e5 2. Nf3 Nf6 3. Nxe5 d6 4. Nf3 Nxe4 5. d4 d5 6. Bd3 Nd6 7. 0-0 Be7 8. Bf4 0-0 9. Re1 Nd7 10. Nbd2 Nf6 11. Ne5 Bf5 12. Nf1 Bxd3 13. Qxd3 Re8 14. b3 Qc8 15. Ne3 c6 16. h3 Nfe4 17. c4 Qe6 18. Nf3 f5 19. Bxd6 Bxd6 20. cxd5 cxd5 21. Qb5 Rad8 22. Qxb7 Rd7 23. Qb5 Bb8 24. Rac1 g5 25. Rc6 Qf7 26. Rec1 Bf4 27. Ne5 Bxe5 28. dxe5 Rxe5 29. Rc8+ Kg7 30. Qxd7 Qxd7 31. R8c7 Qf7 32. Rxf7+ Kxf7 33. Rd1 Nc3 34. Rd3 d4 35. Nc2 Rd5 36. a4 Kf6 37. Kf1 Ke5 38. Nxd4 Rxd4 39. Rxc3 Rb4 40. Ke2 h5 41. g3 f4 42. gxf4+ Kxf4 43. Rd3 Kf5 44. Rc3 Re4+ 45. Kf3 Rb4 46. Rc5+ Kg6 1/2-1/2

[Event "Innsbruck op-B 3rd"]
[Site "Innsbruck"]
[Date "2019.08.28"]
[Round "6"]
[White "Pregl, Walter"]
[Black "Lerch, Johannes"]
[Result "1/2-1/2"]
[WhiteElo "1966"]
[BlackElo "1857"]
[PlyCount "30"]
[EventDate "2019.08.25"]
[EventType "swiss"]
[EventRounds "9"]
[EventCountry "AUT"]
[SourceTitle "EXT 2020"]
[Source "ChessBase"]
[SourceDate "2019.10.17"]
[SourceVersion "1"]
[SourceVersionDate "2019.10.17"]
[SourceQuality "1"]

1. e4 c5 2. Nc3 Nc6 3. f4 e6 4. Bc4 Nge7 5. d3 d5 6. Bb3 g6 7. Nf3 Bg7 8. 0-0 Bxc3 9. bxc3 dxe4 10. dxe4 Qxd1 11. Rxd1 b6 12. Be3 Bb7 13. Bf2 Ba6 14. c4 0-0 15. Bh4 Rfd8 1/2-1/2

[Event "Innsbruck op-B 2nd"]
[Site "Innsbruck"]
[Date "2018.08.31"]
[Round "8"]
[White "Schwarz, Benedikt"]
[Black "Pregl, Walter"]
[Result "1-0"]
[WhiteElo "1677"]
[BlackElo "1976"]
[PlyCount "77"]
[EventDate "2018.08.24"]
[EventType "swiss"]
[EventRounds "9"]
[EventCountry "AUT"]
[SourceTitle "CBM 186 Extra"]
[Source "ChessBase"]
[SourceDate "2018.08.24"]
[SourceVersion "1"]
[SourceVersionDate "2018.08.24"]
[SourceQuality "1"]

1. d4 Nf6 2. Bf4 d5 3. e3 Bf5 4. c4 c6 5. Qb3 Qc8 6. Nc3 e6 7. Rc1 Qd7 8. Nf3 Be7 9. Ne5 Qc8 10. cxd5 exd5 11. e4 Bxe4 12. Nxe4 Nxe4 13. Qxd5 Nd6 14. Qb3 0-0 15. Be2 Kh8 16. Bg4 Qd8 17. 0-0 f6 18. Nd3 Nd7 19. Bxd6 Bxd6 20. Qxb7 f5 21. Bh3 Rb8 22. Qxc6 Rb6 23. Qf3 Qh4 24. Rc6 Bb8 25. Rxb6 axb6 26. Qd5 g5 27. Qxd7 g4 28. g3 Qxh3 29. Qe7 Qh6 30. Ne5 Bxe5 31. Qxe5+ Kg8 32. d5 f4 33. Qe6+ Qxe6 34. dxe6 f3 35. Re1 Re8 36. Kf1 Kg7 37. Re4 h5 38. Ke1 Kf6 39. e7 1-0

[Event "Innsbruck op-B 2nd"]
[Site "Innsbruck"]
[Date "2018.08.27"]
[Round "4"]
[White "Grundhammer, Gerhard"]
[Black "Pregl, Walter"]
[Result "0-1"]
[WhiteElo "1816"]
[BlackElo "1976"]
[PlyCount "54"]
[EventDate "2018.08.24"]
[EventType "swiss"]
[EventRounds "9"]
[EventCountry "AUT"]
[SourceTitle "CBM 186 Extra"]
[Source "ChessBase"]
[SourceDate "2018.08.24"]
[SourceVersion "1"]
[SourceVersionDate "2018.08.24"]
[SourceQuality "1"]

1. d4 Nf6 2. Bg5 c5 3. Bxf6 gxf6 4. dxc5 Qa5+ 5. c3 Qxc5 6. Nf3 d5 7. Nbd2 e6 8. e4 Nc6 9. exd5 Qxd5 10. Bc4 Qh5 11. Ne4 Be7 12. Qe2 0-0 13. g4 Qa5 14. 0-0-0 Ne5 15. Nxe5 Qxe5 16. Rhg1 b5 17. Bxb5 Rb8 18. Ba4 Kh8 19. Ng3 Qf4+ 20. Kb1 Qxa4 21. Rd4 Qa5 22. Qd2 Ba6 23. Ne4 Rfd8 24. Qh6 Rxd4 25. Nxf6 Rxb2+ 26. Kxb2 Qa3+ 27. Kc2 Qxa2+ 0-1

[Event "Innsbruck op-B 2nd"]
[Site "Innsbruck"]
[Date "2018.08.26"]
[Round "3"]
[White "Pregl, Walter"]
[Black "Zeindl, Christoph"]
[Result "1/2-1/2"]
[WhiteElo "1976"]
[BlackElo "1883"]
[PlyCount "46"]
[EventDate "2018.08.24"]
[EventType "swiss"]
[EventRounds "9"]
[EventCountry "AUT"]
[SourceTitle "CBM 186 Extra"]
[Source "ChessBase"]
[SourceDate "2018.08.24"]
[SourceVersion "1"]
[SourceVersionDate "2018.08.24"]
[SourceQuality "1"]

1. e4 e5 2. Nf3 Nc6 3. Bb5 Bc5 4. 0-0 d6 5. c3 Bd7 6. d3 h6 7. Be3 Bb6 8. Bxb6 axb6 9. d4 Nf6 10. Re1 0-0 11. Nbd2 Ne7 12. Bf1 Ng6 13. Qc2 Nh5 14. dxe5 dxe5 15. Nc4 Qe7 16. Ne3 c6 17. Nf5 Qf6 18. Rad1 Be6 19. a3 Rfd8 20. Rxd8+ Rxd8 21. c4 Rd7 22. b4 Qd8 23. g3 Nf6 1/2-1/2

[Event "Lienz op-A 18th"]
[Site "Lienz"]
[Date "2015.02.14"]
[Round "9"]
[White "Lipp, Alfred"]
[Black "Pregl, Walter"]
[Result "1-0"]
[WhiteElo "2139"]
[BlackElo "2068"]
[PlyCount "87"]
[EventDate "2015.02.07"]
[EventType "swiss"]
[EventRounds "9"]
[EventCountry "AUT"]
[SourceTitle "CBM 164 Extra"]
[Source "ChessBase"]
[SourceDate "2015.03.02"]
[SourceVersion "1"]
[SourceVersionDate "2015.03.02"]
[SourceQuality "1"]

1. c4 c5 2. Nf3 Nc6 3. d4 cxd4 4. Nxd4 g6 5. e4 Bg7 6. Be3 d6 7. Be2 Nf6 8. Nc3 0-0 9. 0-0 Bd7 10. Qd2 Ng4 11. Bxg4 Bxg4 12. f3 Bc8 13. Rfd1 Ne5 14. b3 b6 15. Rac1 Bb7 16. Nd5 Re8 17. Nb5 Bxd5 18. cxd5 Rf8 19. Rc2 Nd7 20. Rdc1 a5 21. Rc6 Nc5 22. Qc2 Rb8 23. a3 f5 24. b4 axb4 25. axb4 Nd7 26. Nc7 Ne5 27. Ne6 Qe8 28. Nxf8 Nxc6 29. dxc6 Qxf8 30. c7 Rc8 31. Bxb6 fxe4 32. Qxe4 Be5 33. Qd5+ Kg7 34. Be3 Qf5 35. Bd4 Bxd4+ 36. Qxd4+ Kf7 37. Qc4+ d5 38. Qc5 Qd7 39. b5 d4 40. b6 d3 41. Qc4+ e6 42. Qf4+ Ke7 43. b7 d2 44. bxc8N+ 1-0

[Event "Lienz op-A 18th"]
[Site "Lienz"]
[Date "2015.02.09"]
[Round "4"]
[White "Pregl, Walter"]
[Black "Amon, Hannes"]
[Result "1-0"]
[WhiteElo "2068"]
[BlackElo "1962"]
[PlyCount "67"]
[EventDate "2015.02.07"]
[EventType "swiss"]
[EventRounds "9"]
[EventCountry "AUT"]
[SourceTitle "CBM 164 Extra"]
[Source "ChessBase"]
[SourceDate "2015.03.02"]
[SourceVersion "1"]
[SourceVersionDate "2015.03.02"]
[SourceQuality "1"]

1. d4 d5 2. Bf4 e6 3. Nf3 Bd6 4. e3 Nf6 5. Bd3 Nbd7 6. Nbd2 Bxf4 7. exf4 c5 8. c3 cxd4 9. cxd4 Nh5 10. g3 g6 11. 0-0 0-0 12. Re1 Ng7 13. Nf1 b6 14. Rc1 Bb7 15. Qe2 a6 16. g4 Nf6 17. Ne5 Ne4 18. f3 Nd6 19. Bb1 Nb5 20. Qe3 Qd6 21. Nd3 h5 22. Ng3 Rac8 23. a4 Na7 24. gxh5 gxh5 25. Ne5 Rxc1 26. Rxc1 f5 27. Kh1 Rc8 28. Rg1 Kf8 29. Qe1 Qd8 30. Qb4+ Kg8 31. Nxh5 Rc7 32. Qxb6 Nc6 33. Nxc6 Bxc6 34. Rxg7+ 1-0

[Event "Lienz op-A 18th"]
[Site "Lienz"]
[Date "2015.02.08"]
[Round "2"]
[White "Pregl, Walter"]
[Black "Karall, Lorenz"]
[Result "1-0"]
[WhiteElo "2068"]
[BlackElo "1932"]
[PlyCount "65"]
[EventDate "2015.02.07"]
[EventType "swiss"]
[EventRounds "9"]
[EventCountry "AUT"]
[SourceTitle "CBM 164 Extra"]
[Source "ChessBase"]
[SourceDate "2015.03.02"]
[SourceVersion "1"]
[SourceVersionDate "2015.03.02"]
[SourceQuality "1"]

1. e4 d6 2. d4 Nf6 3. Nc3 g6 4. f3 Bg7 5. Be3 c6 6. Qd2 Qa5 7. Bd3 Nbd7 8. Nge2 b5 9. 0-0 0-0 10. Kh1 e5 11. Bh6 b4 12. Nd1 Bxh6 13. Qxh6 b3 14. cxb3 Rb8 15. Nf2 Qb6 16. Qe3 Re8 17. Nd1 Qa5 18. Ndc3 Nf8 19. f4 Ng4 20. Qg3 exd4 21. Nxd4 Qb6 22. Nc2 a5 23. Bc4 Kg7 24. Rad1 h5 25. h3 Ne6 26. f5 gxf5 27. exf5 Ng5 28. f6+ Kg6 29. Bd3+ Kh6 30. Qf4 d5 31. h4 Re5 32. Rde1 Nf2+ 33. Rxf2 1-0

[Event "Feffernitz Raika op 23rd"]
[Site "Feffernitz"]
[Date "2014.08.23"]
[Round "9"]
[White "Diederichs, Luise"]
[Black "Pregl, Walter"]
[Result "1/2-1/2"]
[WhiteElo "1968"]
[BlackElo "2032"]
[PlyCount "47"]
[EventDate "2014.08.16"]
[EventType "swiss"]
[EventRounds "9"]
[EventCountry "AUT"]
[SourceTitle "CBM 161 Extra"]
[Source "ChessBase"]
[SourceDate "2014.08.29"]
[SourceVersion "1"]
[SourceVersionDate "2014.08.29"]
[SourceQuality "1"]

1. c4 c5 2. Nc3 Nc6 3. g3 g6 4. Bg2 Bg7 5. d3 d6 6. e4 e5 7. Nge2 Nge7 8. 0-0 0-0 9. Be3 Nd4 10. Nd5 Nxd5 11. cxd5 b5 12. Nxd4 exd4 13. Bd2 Bd7 14. Bf4 Rb8 15. Rc1 Qb6 16. Re1 Rfe8 17. b3 b4 18. Qc2 Rec8 19. h3 a5 20. a4 bxa3 21. Ra1 a4 22. Rxa3 axb3 23. Rxb3 Qa7 24. Reb1 1/2-1/2

[Event "Feffernitz Raika op 23rd"]
[Site "Feffernitz"]
[Date "2014.08.21"]
[Round "7"]
[White "Praznik, Anton"]
[Black "Pregl, Walter"]
[Result "1-0"]
[WhiteElo "2162"]
[BlackElo "2032"]
[PlyCount "89"]
[EventDate "2014.08.16"]
[EventType "swiss"]
[EventRounds "9"]
[EventCountry "AUT"]
[SourceTitle "CBM 161 Extra"]
[Source "ChessBase"]
[SourceDate "2014.08.29"]
[SourceVersion "1"]
[SourceVersionDate "2014.08.29"]
[SourceQuality "1"]

1. e4 c5 2. Nf3 d6 3. Bb5+ Bd7 4. Bxd7+ Nxd7 5. 0-0 Ngf6 6. Qe2 e6 7. c3 Be7 8. Rd1 Qc7 9. d4 0-0 10. Bg5 Rfe8 11. Na3 a6 12. e5 Nd5 13. Bxe7 Rxe7 14. Nc4 Nf4 15. Qe3 d5 16. Nd6 Ng6 17. h4 Ngf8 18. h5 f6 19. b4 c4 20. a4 b6 21. a5 b5 22. Re1 fxe5 23. dxe5 Rd8 24. Nd4 Nb8 25. f4 Nc6 26. Nxc6 Qxc6 27. Rad1 Nd7 28. Qd4 Rf8 29. Re3 Qa8 30. Rf1 Nb8 31. Rg3 Qa7 32. Qxa7 Rxa7 33. f5 Nc6 34. fxe6 Rxf1+ 35. Kxf1 Re7 36. Nf5 Rxe6 37. Rxg7+ Kf8 38. Rxh7 Nxe5 39. Nd4 Rf6+ 40. Ke2 Nd3 41. g4 Kg8 42. Ra7 Rf2+ 43. Ke3 Rg2 44. Nf5 Rg1 45. Rxa6 1-0

[Event "Feffernitz Raika op 22nd"]
[Site "Feffernitz"]
[Date "2013.08.21"]
[Round "5"]
[White "Pregl, Walter"]
[Black "Kesik, Klaus Dieter"]
[Result "0-1"]
[WhiteElo "2042"]
[BlackElo "2233"]
[PlyCount "94"]
[EventDate "2013.08.18"]
[EventType "swiss"]
[EventRounds "9"]
[EventCountry "AUT"]
[SourceTitle "CBM 156 Extra"]
[Source "ChessBase"]
[SourceDate "2013.10.22"]
[SourceVersion "1"]
[SourceVersionDate "2013.10.22"]
[SourceQuality "1"]

1. e4 Nf6 2. e5 Nd5 3. c4 Nb6 4. c5 Nd5 5. Bc4 e6 6. d4 d6 7. cxd6 cxd6 8. exd6 Bxd6 9. Nf3 Nd7 10. 0-0 0-0 11. Bg5 Bxh2+ 12. Kxh2 Qc7+ 13. Kg1 Qxc4 14. Na3 Qb4 15. Qd2 Qxd2 16. Bxd2 N7b6 17. Rac1 Bd7 18. Ne5 Rfc8 19. Nxd7 Nxd7 20. Nb5 Rxc1 21. Rxc1 Kf8 22. Nd6 Rb8 23. Kf1 N7b6 24. b3 Ke7 25. Ne4 Nc8 26. Ke2 Nd6 27. Nxd6 Kxd6 28. Kd3 Kd7 29. g4 h6 30. Rh1 Ke7 31. Rc1 Rf8 32. Rc5 Rh8 33. Rc1 Rf8 34. Rc5 Kd7 35. f4 Rc8 36. Rxc8 Kxc8 37. a4 Kd7 38. Ke2 Kd6 39. Kf3 f5 40. g5 hxg5 41. fxg5 g6 42. Be1 Nb6 43. Bg3+ Kd5 44. Ke3 Nc8 45. Bf4 Ne7 46. Kd3 Nc6 47. Be3 Na5 0-1

[Event "Feffernitz Raika op 22nd"]
[Site "Feffernitz"]
[Date "2013.08.19"]
[Round "3"]
[White "Manhardt, Thomas"]
[Black "Pregl, Walter"]
[Result "1-0"]
[WhiteElo "2217"]
[BlackElo "2042"]
[PlyCount "113"]
[EventDate "2013.08.18"]
[EventType "swiss"]
[EventRounds "9"]
[EventCountry "AUT"]
[SourceTitle "CBM 156 Extra"]
[Source "ChessBase"]
[SourceDate "2013.10.22"]
[SourceVersion "1"]
[SourceVersionDate "2013.10.22"]
[SourceQuality "1"]

1. e4 c5 2. Nf3 d6 3. d4 cxd4 4. Nxd4 Nf6 5. Nc3 a6 6. Bc4 e6 7. Bb3 Be7 8. 0-0 b5 9. Qf3 Qc7 10. Qg3 Nc6 11. Be3 Nxd4 12. Bxd4 Bb7 13. a3 Rg8 14. Rfe1 Nd7 15. a4 b4 16. Na2 a5 17. c3 Nc5 18. Bxc5 Qxc5 19. cxb4 axb4 20. Rac1 Qa5 21. Qd3 Ba6 22. Qd2 Rb8 23. Rc6 Bb7 24. Rc2 Bc8 25. Rc4 Bd7 26. Rxb4 Rc8 27. Qe2 Bc6 28. Rc4 Kd7 29. Rec1 Bb7 30. Rxc8 Rxc8 31. Rxc8 Bxc8 32. Bc4 Kd8 33. Bb5 Qc7 34. h3 Bf6 35. b4 Bd4 36. Qc4 Qxc4 37. Bxc4 Kc7 38. Kf1 Bd7 39. a5 Kb7 40. b5 Bc5 41. Ke2 Be8 42. f3 Bd7 43. Kd3 Be8 44. Kc3 Bf2 45. Kb3 Bd7 46. Nb4 Be8 47. b6 Bd7 48. Ba6+ Kb8 49. Kc4 Be3 50. Bb5 Bc8 51. Nc6+ Ka8 52. Ne7 Bb7 53. a6 Bxb6 54. axb7+ Kxb7 55. Be8 f6 56. Bf7 Bd8 57. Ng8 1-0

[Event "Lienz op 17th"]
[Site "Lienz"]
[Date "2013.02.16"]
[Round "9"]
[White "Pregl, Walter"]
[Black "Dimitriadis, Michael"]
[Result "1/2-1/2"]
[WhiteElo "2055"]
[BlackElo "2104"]
[PlyCount "85"]
[EventDate "2013.02.09"]
[EventType "swiss"]
[EventRounds "9"]
[EventCountry "AUT"]
[SourceTitle "CBM 152 Extra"]
[Source "ChessBase"]
[SourceDate "2013.02.25"]
[SourceVersion "1"]
[SourceVersionDate "2013.02.25"]
[SourceQuality "1"]

1. e4 e5 2. Nf3 Nc6 3. Bb5 a6 4. Ba4 Nf6 5. 0-0 Nxe4 6. Re1 Nc5 7. Bxc6 dxc6 8. Nxe5 Be7 9. d4 Ne6 10. Be3 0-0 11. c3 f6 12. Nd3 Re8 13. Nd2 b6 14. b4 Nf8 15. Qf3 Qd5 16. Nf4 Qxf3 17. Nxf3 Bd6 18. Nd2 Ne6 19. Nd3 Bb7 20. c4 Rad8 21. c5 Bf8 22. Nb3 Kf7 23. Rad1 Rd5 24. Nf4 Nxf4 25. Bxf4 Rd7 26. Rxe8 Kxe8 27. Rc1 Kd8 28. a4 Re7 29. Kf1 Re6 30. f3 g5 31. Bd2 h6 32. Re1 Bc8 33. Bc3 f5 34. g3 Ke7 35. a5 b5 36. Nd2 Rxe1+ 37. Kxe1 Ke6 38. f4 g4 39. Ke2 Kf7 40. Ke3 Be6 41. Bb2 Bd5 42. Bc3 Ke6 43. Bb2 1/2-1/2

[Event "Lienz op 17th"]
[Site "Lienz"]
[Date "2013.02.11"]
[Round "4"]
[White "Steiner, Karl"]
[Black "Pregl, Walter"]
[Result "1/2-1/2"]
[WhiteElo "2090"]
[BlackElo "2055"]
[PlyCount "63"]
[EventDate "2013.02.09"]
[EventType "swiss"]
[EventRounds "9"]
[EventCountry "AUT"]
[SourceTitle "CBM 152 Extra"]
[Source "ChessBase"]
[SourceDate "2013.02.25"]
[SourceVersion "1"]
[SourceVersionDate "2013.02.25"]
[SourceQuality "1"]

1. c4 e5 2. Nc3 Nf6 3. g3 Nc6 4. Bg2 g6 5. d3 Bg7 6. e4 d6 7. Nge2 Be6 8. 0-0 Qc8 9. Nd5 h6 10. b4 Nd4 11. Nxd4 exd4 12. a4 c6 13. Nf4 Bd7 14. b5 c5 15. h3 0-0 16. Kh2 Qd8 17. a5 Rb8 18. Bd2 Re8 19. Re1 Kh7 20. a6 b6 21. Ne2 Ng8 22. f3 Ne7 23. g4 g5 24. f4 gxf4 25. Nxf4 Be5 26. Kh1 Ng6 27. Nxg6 fxg6 28. Rf1 Rf8 29. Rxf8 Qxf8 30. Qe2 Qe7 31. Rf1 Rf8 32. Rxf8 1/2-1/2

[Event "Lienz op 17th"]
[Site "Lienz"]
[Date "2013.02.10"]
[Round "3"]
[White "Pregl, Walter"]
[Black "Zanon, Magnus"]
[Result "1-0"]
[WhiteElo "2055"]
[BlackElo "1863"]
[PlyCount "69"]
[EventDate "2013.02.09"]
[EventType "swiss"]
[EventRounds "9"]
[EventCountry "AUT"]
[SourceTitle "CBM 152 Extra"]
[Source "ChessBase"]
[SourceDate "2013.02.25"]
[SourceVersion "1"]
[SourceVersionDate "2013.02.25"]
[SourceQuality "1"]

1. e4 e6 2. d3 d5 3. Nd2 Nf6 4. g3 Nbd7 5. Bg2 d4 6. Ngf3 e5 7. 0-0 Bd6 8. Nc4 Qe7 9. Nxd6+ Qxd6 10. a4 c5 11. Nd2 b6 12. Nc4 Qe7 13. f4 Bb7 14. Bd2 0-0 15. Qe2 Ba6 16. fxe5 Nxe5 17. Nxe5 Qxe5 18. Rf5 Qe6 19. b3 Bb7 20. Raf1 Nd5 21. R5f2 Ne7 22. Qh5 Ng6 23. Bh3 Qc6 24. Bf5 a6 25. h4 b5 26. a5 Rad8 27. Bg5 Rde8 28. Qd1 Bc8 29. h5 Ne7 30. Bxc8 Qxc8 31. h6 Ng6 32. hxg7 Kxg7 33. Bf6+ Kg8 34. Qh5 Re6 35. Rh2 1-0

[Event "Feffernitz Raika op 21st"]
[Site "Feffernitz"]
[Date "2012.08.26"]
[Round "9"]
[White "Kesik, Klaus Dieter"]
[Black "Pregl, Walter"]
[Result "0-1"]
[WhiteElo "2243"]
[BlackElo "2053"]
[PlyCount "36"]
[EventDate "2012.08.19"]
[EventType "swiss"]
[EventRounds "9"]
[EventCountry "AUT"]
[SourceTitle "CBM 150 Extra"]
[Source "ChessBase"]
[SourceDate "2012.10.19"]
[SourceVersion "1"]
[SourceVersionDate "2012.10.19"]
[SourceQuality "1"]

1. d4 d5 2. Nf3 c6 3. e3 Nf6 4. c4 e6 5. Nc3 Be7 6. Qc2 0-0 7. Bd2 Re8 8. Ne5 c5 9. cxd5 exd5 10. Be2 Bd6 11. Nf3 a6 12. dxc5 Bxc5 13. 0-0 Nc6 14. Rfd1 Qe7 15. Na4 Ba7 16. Bc3 Ne4 17. Bd4 Nxd4 18. Nxd4 Nxf2 0-1

[Event "Feffernitz Raika op 21st"]
[Site "Feffernitz"]
[Date "2012.08.25"]
[Round "8"]
[White "Pregl, Walter"]
[Black "Ravnik, Franc"]
[Result "1-0"]
[WhiteElo "2053"]
[BlackElo "1900"]
[PlyCount "53"]
[EventDate "2012.08.19"]
[EventType "swiss"]
[EventRounds "9"]
[EventCountry "AUT"]
[SourceTitle "CBM 150 Extra"]
[Source "ChessBase"]
[SourceDate "2012.10.19"]
[SourceVersion "1"]
[SourceVersionDate "2012.10.19"]
[SourceQuality "1"]

1. e4 c5 2. Nf3 d6 3. Nc3 Nf6 4. d3 e6 5. g3 Nc6 6. Bg2 Be7 7. 0-0 0-0 8. h3 a6 9. a4 Rb8 10. d4 d5 11. exd5 exd5 12. Bf4 Ra8 13. Be3 c4 14. Ne5 Bb4 15. Bg5 Bxc3 16. bxc3 h6 17. Bxf6 Qxf6 18. f4 Rd8 19. Kh2 Nxe5 20. dxe5 Qb6 21. a5 Qb2 22. Qd4 Qxc2 23. Rf2 Qb3 24. f5 Qb5 25. Re1 Bd7 26. e6 fxe6 27. fxe6 1-0

[Event "Feffernitz Raika op 21st"]
[Site "Feffernitz"]
[Date "2012.08.24"]
[Round "7"]
[White "Praznik, Niko"]
[Black "Pregl, Walter"]
[Result "1-0"]
[WhiteElo "2300"]
[BlackElo "2053"]
[PlyCount "49"]
[EventDate "2012.08.19"]
[EventType "swiss"]
[EventRounds "9"]
[EventCountry "AUT"]
[SourceTitle "CBM 150 Extra"]
[Source "ChessBase"]
[SourceDate "2012.10.19"]
[SourceVersion "1"]
[SourceVersionDate "2012.10.19"]
[SourceQuality "1"]

1. c4 Nf6 2. g3 e6 3. Nf3 d5 4. b3 c6 5. Bg2 Nbd7 6. Bb2 Bd6 7. 0-0 0-0 8. d3 Re8 9. Nbd2 b6 10. e4 dxe4 11. dxe4 e5 12. Qc2 Qc7 13. Nh4 Bc5 14. Ndf3 Ng4 15. h3 Ngf6 16. Rad1 Nh5 17. Kh2 f6 18. Nf5 Nf8 19. N3h4 Be6 20. Bf3 g6 21. Bxh5 gxh5 22. Qe2 Bf7 23. Nh6+ Kh8 24. Qf3 Re6 25. Bxe5 1-0

[Event "Feffernitz Raika op 21st"]
[Site "Feffernitz"]
[Date "2012.08.19"]
[Round "1"]
[White "Pregl, Walter"]
[Black "Hoegl, Emanuel"]
[Result "1/2-1/2"]
[WhiteElo "2053"]
[BlackElo "1670"]
[PlyCount "100"]
[EventDate "2012.08.19"]
[EventType "swiss"]
[EventRounds "9"]
[EventCountry "AUT"]
[SourceTitle "CBM 150 Extra"]
[Source "ChessBase"]
[SourceDate "2012.10.19"]
[SourceVersion "1"]
[SourceVersionDate "2012.10.19"]
[SourceQuality "1"]

1. e4 c6 2. d4 d5 3. Nc3 dxe4 4. Nxe4 Bf5 5. Ng3 Bg6 6. Bc4 e6 7. N1e2 Nf6 8. Nf4 Qb6 9. 0-0 Bd6 10. Bb3 Nbd7 11. Re1 Bxf4 12. Bxf4 0-0 13. Be5 Nxe5 14. dxe5 Nd5 15. Qg4 Qb4 16. Ne4 Qb6 17. h4 Kh8 18. Nd6 Nb4 19. Rac1 Rad8 20. h5 Bf5 21. Qh4 Rd7 22. Red1 Qc5 23. Qg3 Bxc2 24. Bxc2 Nxa2 25. b4 Nxc1 26. bxc5 Ne2+ 27. Kh2 Nxg3 28. Kxg3 Kg8 29. Ra1 a6 30. Rb1 Rb8 31. Rb6 h6 32. f4 Kf8 33. Kf3 Ke7 34. g4 f6 35. Ke4 Kd8 36. Bb3 Re7 37. Bc4 a5 38. Bb3 Kc7 39. Ba4 Rd7 40. Bb3 Re7 41. Nc4 Ra8 42. Ba4 Rd7 43. Nd6 Rb8 44. Bb3 Re7 45. Kd4 Kd8 46. Ba4 Kc7 47. Ke4 Rd7 48. Bb3 Re7 49. Ke3 Kd8 50. Ba4 Kc7 1/2-1/2

[Event "Feffernitz Raika op 20th"]
[Site "Feffernitz"]
[Date "2011.08.28"]
[Round "9"]
[White "Piber, Vinko"]
[Black "Pregl, Walter"]
[Result "0-1"]
[WhiteElo "1822"]
[BlackElo "2140"]
[PlyCount "64"]
[EventDate "2011.08.21"]
[EventType "swiss"]
[EventRounds "9"]
[EventCountry "AUT"]
[SourceTitle "CBM 144 Extra"]
[Source "ChessBase"]
[SourceDate "2011.10.28"]
[SourceVersion "1"]
[SourceVersionDate "2011.10.28"]
[SourceQuality "1"]

1. e4 c5 2. Nf3 d6 3. d4 cxd4 4. Nxd4 Nf6 5. Nc3 a6 6. Be2 e5 7. Nb3 Be6 8. Be3 Be7 9. 0-0 0-0 10. f4 Qc7 11. a4 Nbd7 12. f5 Bc4 13. Nd2 Bxe2 14. Qxe2 Rac8 15. g4 d5 16. exd5 Nb6 17. Qg2 Bc5 18. Bf2 Rfd8 19. g5 Nfxd5 20. Nde4 Nf4 21. Qf3 Bxf2+ 22. Rxf2 Nbd5 23. Ra3 Nxc3 24. Rxc3 Qb6 25. Rb3 Qd4 26. c3 Qd5 27. Rxb7 Kh8 28. Rb6 Qa5 29. Rd6 Qxa4 30. Rfd2 Rf8 31. Qg4 Qxe4 32. f6 Qe1# 0-1

[Event "Feffernitz Raika op 20th"]
[Site "Feffernitz"]
[Date "2011.08.22"]
[Round "3"]
[White "Saringer, Hubert"]
[Black "Pregl, Walter"]
[Result "0-1"]
[WhiteElo "1800"]
[BlackElo "2140"]
[PlyCount "106"]
[EventDate "2011.08.21"]
[EventType "swiss"]
[EventRounds "9"]
[EventCountry "AUT"]
[SourceTitle "CBM 144 Extra"]
[Source "ChessBase"]
[SourceDate "2011.10.28"]
[SourceVersion "1"]
[SourceVersionDate "2011.10.28"]
[SourceQuality "1"]

1. Nf3 Nf6 2. d4 g6 3. g3 Bg7 4. Bg2 0-0 5. 0-0 d6 6. Nbd2 Nc6 7. c3 e5 8. e4 Nh5 9. d5 Ne7 10. c4 Qe8 11. b3 f5 12. Ng5 f4 13. g4 Nf6 14. f3 h6 15. Nh3 g5 16. Nf2 b6 17. Nd3 h5 18. h3 Qg6 19. Nf2 Kf7 20. Bb2 Rh8 21. Qe2 Qh7 22. a4 a5 23. Rfe1 Bd7 24. Rac1 Ng6 25. Rc3 Nh4 26. Bf1 Qg8 27. Bg2 Qc8 28. Rd3 Ke7 29. Kf1 Nh7 30. Kg1 Nf8 31. Kf1 Nfg6 32. Rd1 hxg4 33. Nxg4 Rh5 34. Kf2 Qh8 35. Rg1 Nxg2 36. Rxg2 Rxh3 37. Ke1 Bxg4 38. Rxg4 Rg3 39. Nf1 Qh1 40. Qh2 Rh8 41. Qxh1 Rxh1 42. Kf2 Rxg4 43. fxg4 Rh4 44. Bc1 Rxg4 45. Nh2 Rh4 46. Kg2 g4 47. Bd2 Bf6 48. Kg1 f3 49. Nf1 Nf4 50. Bxf4 exf4 51. Nd2 Bb2 52. c5 bxc5 53. Nc4 Bd4+ 0-1